000 01883nam a2200553 i 4500
001 5524
003 KOSZ 005
005 20190729103607.0
008 970510s1993 pl a f f |001 0 pol
015 _aPB 1993/6243
020 _a8301108983
035 _a991001007979705066
035 _a(PL-WaBN)b1030499x-48omnis_nlop
035 _ab1030499x
035 _a(OCoLC)749390756
035 _a(PL)b0000001030499
035 _a(EXLNZ-48OMNIS_NETWORK)9910048012405606
040 _aWA N
_cWA N
_dKOSZ 005/EG
041 1 _apol
_heng
046 _k1993
080 _a535
080 _a(075.8)
100 1 _aGoodman, Joseph W.
_eAutor
245 1 0 _aOptyka statystyczna /
_cJoseph W. Goodman ; [z ang. tł. Marek Kowalczyk, Małgorzata i Jacek Sochaccy].
246 1 _iTyt. oryg.:
_aStatistical optics,
_f1985
260 _aWarszawa :
_bWydaw. Naukowe PWN,
_c1993.
300 _a459, [1] s. :
_bfot., rys., wykr. ;
_c24 cm.
336 _2rdacontent
_aTekst
_btxt
337 _2rdamedia
_aBez urządzenia pośredniczącego
_bn
338 _2rdacarrier
_aWolumin
_bnc
380 _aKsiążki
380 _aPublikacje naukowe
380 _aPublikacje dydaktyczne
385 _mPoziom nauczania
_aSzkoły wyższe
388 _a1901-2000
388 _a1989-2000
504 _aBibliogr. przy rozdz. - Indeks.
650 7 _aFizyka statystyczna
_2DBN
650 7 _aOptyka
_2DBN
655 7 _aPodręczniki akademickie
_2DBN
658 _aFizyka i astronomia
700 1 _aKowalczyk-Hernandez, Marek
_eTłumaczenie
700 1 _aSochacka, Małgorzata
_eTłumaczenie
700 1 _aSochacki, Jacek
_eTłumaczenie
710 2 _aWydawnictwo Naukowe PWN
_4pbl
856 _uhttp://koha.tu.koszalin.pl/cgi-bin/koha/opac-detail.pl?biblionumber=5524
_yKatalog online BPK
942 _2UKD
_cKS
999 _c5524
_d5524